banner koha

Efeitos do benomyl e da kasugamicina na produção da batata doce micropropagada (Registro n. 181698)

MARC details
000 -LÍDER
campo de controle de tamanho fixo 01034nas a2200361 4500
001 - NÚMERO DE CONTROLE
campo de controle BR0500837
003 - IDENTIFICADOR DO NÚMERO DE CONTROLE
campo de controle BR-BrBNA
005 - DATA E HORÁRIO DA ÚLTIMA TRANSAÇÃO
campo de controle 20231205105207.0
007 - CAMPO FIXO DE DESCRIÇÃO FÍSICA--INFORMAÇÃO GERAL
campo de controle de tamanho fixo ta
008 - CAMPO DE DADOS FIXOS--INFORMAÇÃO GERAL
campo de controle de tamanho fixo 230509b bl.|||p| |||| 00| 00por d
040 ## - FONTE DA CATALOGAÇÃO
Instituição da catalogação original BR-BrBNA
Idioma da catalogação por
Instituição que transcreveu o registro Biblioteca Nacional de Agricultura
041 ## - CÓDIGO DE IDIOMA
Código do idioma do texto/trilha sonora ou título diferente (Pt)
072 ## - CÓDIGO DE CATEGORIA DE ASSUNTO
Código de Categoria de Assunto F02
100 1# - ENTRADA PRINCIPAL--NOME PESSOAL
Nome pessoal Arruda, A. da S.
100 1# - ENTRADA PRINCIPAL--NOME PESSOAL
Nome pessoal Damião Filho, C.F.
100 1# - ENTRADA PRINCIPAL--NOME PESSOAL
Nome pessoal Spini, V.B.M.G.
100 1# - ENTRADA PRINCIPAL--NOME PESSOAL
Nome pessoal Sousa, C.S. de
100 1# - ENTRADA PRINCIPAL--NOME PESSOAL
Nome pessoal Marchizeli, S.F.B.
100 1# - ENTRADA PRINCIPAL--NOME PESSOAL
Nome pessoal Gomes, J.E.
245 1# - TÍTULO
Título Efeitos do benomyl e da kasugamicina na produção da batata doce micropropagada
650 ## - ASSUNTO--TERMO TÓPICO
Cabeçalho tópico ou nome geográfico BATATA DOCE
650 ## - ASSUNTO--TERMO TÓPICO
Cabeçalho tópico ou nome geográfico FUNGICIDA
650 ## - ASSUNTO--TERMO TÓPICO
Cabeçalho tópico ou nome geográfico ANTIBIÓTICO
650 ## - ASSUNTO--TERMO TÓPICO
Cabeçalho tópico ou nome geográfico MUDA
650 ## - ASSUNTO--TERMO TÓPICO
Cabeçalho tópico ou nome geográfico MICROPROPAGAÇÃO
650 ## - ASSUNTO--TERMO TÓPICO
Cabeçalho tópico ou nome geográfico CULTURA IN VITRO
650 ## - ASSUNTO--TERMO TÓPICO
Cabeçalho tópico ou nome geográfico EXPLANTE
650 ## - ASSUNTO--TERMO TÓPICO
Cabeçalho tópico ou nome geográfico PRODUÇÃO VEGETAL
650 ## - ASSUNTO--TERMO TÓPICO
Cabeçalho tópico ou nome geográfico SÃO PAULO
773 0# - ENTRADA ANALÍTICA
Título Bioscience Journal (Brazil)
ISSN - International Standard Serial Number ISSN 1516-3725
Partes relacionadas (May-Aug 2003), v. 19(2) p. 99-103
Número de controle do registro BR0500837
909 ## -
-- 202311
-- Lúcia
-- 55
-- Lúcia Elande
942 ## - ELEMENTOS DE ENTRADA ADICIONADOS (KOHA)
Fonte da classificação ou esquema de arquivamento na estante Classificação AGRIS
Ocultar no OPAC Não
Tipo de material Koha Analítica
Exemplares
Situação do descarte Fonte da classificação ou esquema de arquivamento na estante Situação física Não pode ser emprestado Biblioteca de origem Biblioteca atual Localização na estante Enumeração do periódico / cronologia Total de empréstimos Data de último acesso Número do exemplar Tipo de material Koha Fonte de aquisição
  Classificação AGRIS   Consulta local Biblioteca Nacional de Agricultura - Binagri Biblioteca Nacional de Agricultura - Binagri   (May-Aug 2003), v. 19(2) p. 99-103   29/11/2023 01 Periódicos Portaria Interministerial nº 164/94

BINAGRI

Telefone: (61)3218-2567/2388/3357/2097 - binagri@agro.gov.br

Ministério da Agricultura e Pecuária , Esplanada dos Ministérios, Bloco D, Anexo B, Brasília/DF, CEP: 70.043-900